000 00245nam a2200109Ia 4500
008 200302s9999 xx 000 0 und d
100 _aUta Brandes & Others
245 _aNon Intentional Design
260 _bDaab
260 _c2006
300 _a86 P
999 _c4788
_d4788